| 000 | 01000cam a2200337 a 4500 | ||
|---|---|---|---|
| 001 | 4527 | ||
| 003 | FISKH | ||
| 005 | 20240913104430.0 | ||
| 008 | 100930s2011 nyua b 000 1 eng | ||
| 010 | _a 2010035699 | ||
| 020 | _a9781596435971 | ||
| 040 |
_aDLC _cDLC _dDLC _beng |
||
| 050 | _aPZ7.B82832 | ||
| 082 | _a813.6 | ||
| 100 | 1 | _aBruel, Nick. | |
| 245 | 1 | 0 |
_aBad kitty meets the baby / _cNick Bruel. |
| 260 |
_aNew York : _bScholastic, _c2011. |
||
| 300 |
_a143 page : _billustrations ; _c20 cm |
||
| 500 | _a"A Neal Porter Book." | ||
| 505 | _aR | ||
| 520 | _aBad kitty is not pleased when a baby joins her family. Includes fun facts and tips for training a cat to perform tricks. | ||
| 521 | 8 |
_a720
_bLexile |
|
| 521 | 8 |
_aR
_bRaz-Plus |
|
| 650 | 1 |
_aCats _vFiction. |
|
| 650 | 1 |
_aBabies _vFiction. |
|
| 650 | 1 |
_aAdoption _vFiction. |
|
| 650 | 1 | _aHumorous stories. | |
| 906 |
_a7 _bcbc _corignew _d1 _eecip _f20 _gy-gencatlg |
||
| 942 |
_2ddc _cBK _n0 |
||
| 999 |
_c4527 _d4527 |
||